[Event "DEM U18 2023"]
[Site "Willingen GER"]
[Date "2023.05.28"]
[Round "1"]
[White "Bornholdt, Joa Max"]
[Black "Neugirg, Mika"]
[Result "1-0"]
[Termination "normal"]
[Board "13"]
[WhiteTitle "FM"]
[WhiteElo "2250"]
[BlackElo "1781"]
[WhiteClock "00:42:40"]
[BlackClock "00:01:41"]
[PlyCount "65"]
[WhiteFideId "16253477"]
[BlackFideId "34619160"]
[EventCountry "GER"]
[EventRounds "9"]
[EventType "swiss"]
[EventDate "2023.05.27"]

1. e4 {[%clk 01:30:27]  [%emt 00:00:32]} 1... c6 {[%clk 01:30:41]  [%emt
00:00:20]} 2. d4 {[%clk 01:30:14]  [%emt 00:00:42]} 2... d5 {[%clk 01:31:05] 
[%emt 00:00:07]} 3. Nd2 {[%clk 01:29:57]  [%emt 00:02:31]} 3... dxe4 4. Nxe4
{[%clk 01:30:18]} 4... Nf6 {[%clk 01:30:40]} 5. Nxf6+ {[%clk 01:30:07]  [%emt
00:02:36]} 5... exf6 {[%clk 01:31:01]} 6. c3 {[%clk 01:30:31]} 6... Bd6 {[%clk
01:31:26]} 7. Bd3 {[%clk 01:30:23]} 7... O-O {[%clk 01:31:13]} 8. Qc2 {[%clk
01:30:49]} 8... Re8+ {[%clk 01:31:37]} 9. Ne2 {[%clk 01:31:13]} 9... h5 {[%clk
01:31:55]  [%emt 00:00:04]} 10. O-O {[%clk 01:31:32]  [%emt 00:00:10]} 10... h4
{[%clk 01:32:11]  [%emt 00:00:15]} 11. Nf4 {[%clk 01:31:57]  [%emt 00:00:05]}
11... Qc7 {[%clk 01:24:13]  [%emt 00:13:43]} 12. g3 {[%clk 01:30:55]} 12... Nd7
{[%clk 01:22:10]} 13. Qd1 {[%clk 01:29:16]  [%emt 00:00:59]} 13... Nf8 {[%clk
01:20:40]  [%emt 00:02:00]} 14. Qh5 {[%clk 01:28:29]  [%emt 00:01:17]} 14...
hxg3 15. hxg3 {[%clk 01:28:40]} 15... Qd7 {[%clk 00:51:14]  [%emt 00:19:11]}
16. f3 {[%clk 01:27:29]} 16... Bxf4 {[%clk 00:37:50]  [%emt 00:11:13]} 17. Bxf4
{[%clk 01:27:24]  [%emt 00:00:35]} 17... Qh3 {[%clk 00:37:28]  [%emt 00:00:52]}
18. Qxh3 {[%clk 01:27:48]  [%emt 00:00:06]} 18... Bxh3 {[%clk 00:37:51]  [%emt
00:00:07]} 19. Rfe1 {[%clk 01:28:14]  [%emt 00:00:04]} 19... Be6 {[%clk
00:36:24]  [%emt 00:01:57]} 20. Kf2 {[%clk 01:26:52]  [%emt 00:01:52]} 20...
Rad8 {[%clk 00:34:23]  [%emt 00:02:31]} 21. a4 {[%clk 01:16:27]  [%emt
00:10:55]} 21... Bc8 {[%clk 00:24:54]  [%emt 00:09:58]} 22. Bc7 {[%clk
01:08:47]  [%emt 00:08:10]} 22... Rxe1 {[%clk 00:24:48]  [%emt 00:00:37]} 23.
Rxe1 {[%clk 01:09:14]  [%emt 00:00:03]} 23... Rd7 {[%clk 00:24:52]  [%emt
00:00:26]} 24. Bb8 {[%clk 01:08:43]  [%emt 00:01:00]} 24... Ne6 {[%clk
00:18:28]  [%emt 00:06:54]} 25. Bxa7 {[%clk 00:59:18]  [%emt 00:09:56]} 25...
b5 {[%clk 00:14:59]  [%emt 00:03:58]} 26. axb5 {[%clk 00:58:40]  [%emt
00:01:09]} 26... Rxa7 {[%clk 00:13:29]  [%emt 00:01:59]} 27. bxc6 {[%clk
00:58:44]  [%emt 00:00:27]} 27... Kf8 {[%clk 00:12:50]  [%emt 00:01:08]} 28.
Bc4 {[%clk 00:53:58]  [%emt 00:05:16]} 28... Nd8 {[%clk 00:07:50]  [%emt
00:05:30]} 29. d5 {[%clk 00:48:32]  [%emt 00:05:57]} 29... Rc7 {[%clk 00:04:35]
 [%emt 00:03:44]} 30. Bb5 {[%clk 00:46:00]  [%emt 00:03:02]} 30... Re7 {[%clk
00:03:02]  [%emt 00:02:02]} 31. Ra1 {[%clk 00:43:14]  [%emt 00:03:17]} 31...
Re5 {[%clk 00:01:35]  [%emt 00:01:58]} 32. Ra8 {[%clk 00:42:22]  [%emt
00:01:21]} 32... Rxd5 {[%clk 00:01:41]  [%emt 00:00:24]} 33. Rxc8 {[%clk
00:42:40]  [%emt 00:00:13]} 1-0

[Event "DEM U18 2023"]
[Site "Willingen GER"]
[Date "2023.05.28"]
[Round "1"]
[White "Plaumann, Arvin"]
[Black "Albert, Markus"]
[Result "0-1"]
[Termination "normal"]
[Board "14"]
[WhiteElo "1786"]
[BlackElo "2232"]
[WhiteClock "01:13:59"]
[BlackClock "01:24:09"]
[PlyCount "58"]
[WhiteFideId "16272927"]
[BlackFideId "16292626"]
[EventCountry "GER"]
[EventRounds "9"]
[EventType "swiss"]
[EventDate "2023.05.27"]

1. d4 {[%clk 01:30:57]  [%emt 00:00:03]} 1... Nf6 {[%clk 01:30:48]  [%emt
00:00:11]} 2. g3 {[%clk 01:31:22]  [%emt 00:00:05]} 2... c5 {[%clk 01:30:57] 
[%emt 00:00:21]} 3. dxc5 {[%clk 01:31:33]  [%emt 00:00:19]} 3... Na6 {[%clk
01:31:13]  [%emt 00:00:14]} 4. Bg2 {[%clk 01:31:32]  [%emt 00:00:31]} 4... Nxc5
{[%emt 00:02:27]} 5. Nc3 {[%emt 00:02:36]} 5... g6 {[%clk 01:30:50]} 6. e4
{[%emt 00:03:18]} 6... d6 {[%clk 01:30:27]  [%emt 00:00:08]} 7. Be3 {[%emt
00:14:46]} 7... Bg7 {[%clk 01:24:20]  [%emt 00:16:18]} 8. Bxc5 8... dxc5 {[%clk
01:24:41]} 9. Qxd8+ 9... Kxd8 {[%clk 01:25:03]} 10. O-O-O+ {[%clk 01:17:04]}
10... Kc7 {[%clk 01:24:09]} 11. h3 {[%clk 01:13:59]} 11... e6 {[%clk 01:24:09]}
12. f4 {[%clk 01:13:59]} 12... Bd7 {[%clk 01:24:09]} 13. Nf3 {[%clk 01:13:59]}
13... Nh5 {[%clk 01:24:09]} 14. Ne2 {[%clk 01:13:59]} 14... Bb5 {[%clk
01:24:09]} 15. Nfg1 {[%clk 01:13:59]} 15... Rad8 {[%clk 01:24:09]} 16. Rxd8
{[%clk 01:13:59]} 16... Rxd8 {[%clk 01:24:09]} 17. g4 {[%clk 01:13:59]} 17...
Nxf4 {[%clk 01:24:09]} 18. Nxf4 {[%clk 01:13:59]} 18... Bh6 {[%clk 01:24:09]}
19. Nf3 {[%clk 01:13:59]} 19... Bxf4+ {[%clk 01:24:09]} 20. Kb1 {[%clk
01:13:59]} 20... Bc6 {[%clk 01:24:09]} 21. e5 {[%clk 01:13:59]} 21... b6 {[%clk
01:24:09]} 22. b3 {[%clk 01:13:59]} 22... Kd7 {[%clk 01:24:09]} 23. Rf1 {[%clk
01:13:59]} 23... Rf8 {[%clk 01:24:09]} 24. Re1 {[%clk 01:13:59]} 24... Ke7
{[%clk 01:24:09]} 25. Kb2 {[%clk 01:13:59]} 25... Rd8 {[%clk 01:24:09]} 26. Nh4
{[%clk 01:13:59]} 26... Bg3 {[%clk 01:24:09]} 27. Re2 {[%clk 01:13:59]} 27...
Bxg2 {[%clk 01:24:09]} 28. Nxg2 {[%clk 01:13:59]} 28... Rd5 {[%clk 01:24:09]}
29. Ne3 {[%clk 01:13:59]} 29... Rxe5 {[%clk 01:24:09]} 0-1

[Event "DEM U18 2023"]
[Site "Willingen GER"]
[Date "2023.05.28"]
[Round "2"]
[White "Hommer, Jeremy"]
[Black "Colbow, Collin"]
[Result "0-1"]
[Termination "normal"]
[Board "1"]
[BlackTitle "FM"]
[WhiteElo "2313"]
[BlackElo "2408"]
[WhiteClock "00:04:11"]
[BlackClock "00:08:16"]
[PlyCount "100"]
[WhiteFideId "12992577"]
[BlackFideId "16201132"]
[EventCountry "GER"]
[EventRounds "9"]
[EventType "swiss"]
[EventDate "2023.05.27"]

1. e4 {[%clk 01:30:57]} {[%emt 00:00:02]} c5 {[%clk 01:30:55]} {[%emt
00:00:06]} 2. c3 {[%clk 01:31:22]} {[%emt 00:00:05]} Nf6 {[%clk 01:30:32]}
{[%emt 00:00:53]} 3. e5 {[%clk 01:31:44]} {[%emt 00:00:08]} Nd5 {[%clk
01:30:58]} {[%emt 00:00:04]} 4. d4 {[%clk 01:31:55]} {[%emt 00:00:18]} cxd4
{[%clk 01:30:41]} {[%emt 00:00:47]} 5. cxd4 {[%clk 01:31:53]} {[%emt 00:00:32]}
e6 {[%clk 01:28:22]} {[%emt 00:02:50]} 6. Nf3 {[%clk 01:32:00]} {[%emt
00:00:23]} d6 {[%clk 01:28:40]} {[%emt 00:00:12]} 7. Bc4 {[%clk 01:31:51]}
{[%emt 00:00:38]} Be7 {[%clk 01:29:05]} {[%emt 00:00:06]} 8. O-O {[%clk
01:31:29]} {[%emt 00:00:52]} O-O {[%clk 01:29:20]} {[%emt 00:00:15]} 9. Qe2
{[%clk 01:29:56]} {[%emt 00:02:03]} a6 {[%clk 01:29:44]} {[%emt 00:00:06]} 10.
Nc3 {[%clk 01:29:29]} {[%emt 00:00:58]} dxe5 {[%clk 01:28:10]} {[%emt
00:02:02]} 11. dxe5 {[%clk 01:28:27]} {[%emt 00:01:32]} Nxc3 {[%clk 01:28:29]}
{[%emt 00:00:12]} 12. bxc3 {[%clk 01:28:51]} {[%emt 00:00:06]} Bd7 {[%clk
01:25:45]} {[%emt 00:03:13]} 13. Bd3 {[%clk 01:17:13]} {[%emt 00:12:09]} Bc6
{[%clk 01:15:29]} {[%emt 00:10:46]} 14. Rd1 {[%clk 01:13:50]} {[%emt 00:03:52]}
Qa5 {[%clk 00:59:32]} {[%emt 00:16:29]} 15. c4 {[%clk 00:57:42]} {[%emt
00:16:37]} Nd7 {[%clk 00:45:30]} {[%emt 00:14:31]} 16. Bf4 {[%clk 00:48:19]}
{[%emt 00:09:53]} Nc5 {[%clk 00:34:35]} {[%emt 00:11:26]} 17. Nd4 {[%clk
00:42:13]} {[%emt 00:06:35]} Nxd3 {[%clk 00:23:05]} {[%emt 00:12:01]} 18. Rxd3
{[%clk 00:38:10]} {[%emt 00:04:32]} Qc5 {[%clk 00:20:39]} {[%emt 00:02:56]} 19.
Rc1 {[%clk 00:34:57]} {[%emt 00:03:43]} Rfd8 {[%clk 00:18:41]} {[%emt
00:02:27]} 20. Nb3 {[%clk 00:35:15]} {[%emt 00:00:14]} Qb4 {[%clk 00:14:54]}
{[%emt 00:04:17]} 21. Rh3 {[%clk 00:33:39]} {[%emt 00:02:06]} Rac8 {[%clk
00:12:53]} {[%emt 00:02:31]} 22. Qc2 {[%clk 00:22:18]} {[%emt 00:11:51]} g6
{[%clk 00:13:05]} {[%emt 00:00:18]} 23. Rd3 {[%clk 00:18:07]} {[%emt 00:04:40]}
Rxd3 {[%clk 00:11:28]} {[%emt 00:02:08]} 24. Qxd3 {[%clk 00:18:36]} Qa4 {[%clk
00:09:03]} {[%emt 00:02:55]} 25. Qe2 {[%clk 00:17:58]} {[%emt 00:01:08]} Rd8
{[%clk 00:08:52]} {[%emt 00:00:40]} 26. h3 {[%clk 00:18:01]} {[%emt 00:00:28]}
Qa3 {[%clk 00:07:35]} {[%emt 00:01:47]} 27. Be3 {[%clk 00:16:31]} {[%emt
00:02:00]} Rd7 {[%clk 00:06:53]} {[%emt 00:01:11]} 28. Rc2 {[%clk 00:12:28]}
{[%emt 00:04:33]} Ba4 {[%clk 00:05:11]} {[%emt 00:02:13]} 29. Bc1 {[%clk
00:09:06]} {[%emt 00:03:52]} Qb4 {[%clk 00:05:26]} {[%emt 00:00:15]} 30. Bd2
{[%clk 00:09:01]} {[%emt 00:00:35]} Qb6 {[%clk 00:04:59]} {[%emt 00:00:57]} 31.
Ba5 {[%clk 00:09:08]} {[%emt 00:00:23]} Qc6 {[%clk 00:04:58]} {[%emt 00:00:30]}
32. Rd2 {[%clk 00:09:30]} {[%emt 00:00:08]} Rxd2 {[%clk 00:04:15]} {[%emt
00:01:14]} 33. Bxd2 {[%clk 00:09:53]} {[%emt 00:00:06]} Qd7 {[%clk 00:03:51]}
{[%emt 00:00:54]} 34. Be3 {[%clk 00:09:32]} {[%emt 00:00:51]} Qc7 {[%clk
00:02:46]} {[%emt 00:01:36]} 35. Bd4 {[%clk 00:09:15]} {[%emt 00:00:47]} b5
{[%clk 00:02:02]} {[%emt 00:01:14]} 36. cxb5 Bxb5 {[%clk 00:02:32]} 37. Qd2
{[%clk 00:08:34]} {[%emt 00:00:31]} Qc4 {[%clk 00:02:04]} {[%emt 00:00:58]} 38.
Kh2 {[%clk 00:07:54]} {[%emt 00:01:09]} h5 {[%clk 00:01:55]} {[%emt 00:00:40]}
39. Qb2 {[%clk 00:04:40]} {[%emt 00:03:44]} Qd5 {[%clk 00:01:44]} {[%emt
00:00:41]} 40. Nd2 {[%clk 00:04:41]} {[%emt 00:00:29]} Kg7 {[%clk 00:01:02]}
{[%emt 00:01:12]} 41. f3 {[%clk 00:00:31]} {[%emt 00:04:40]} Bg5 {[%clk
00:22:10]} {[%emt 00:09:21]} 42. Ne4 {[%clk 00:29:32]} {[%emt 00:01:29]} Bf4+
{[%clk 00:22:22]} {[%emt 00:00:19]} 43. g3 {[%clk 00:25:39]} {[%emt 00:04:23]}
Bh6 {[%clk 00:21:51]} {[%emt 00:01:01]} 44. Kg2 {[%clk 00:25:01]} {[%emt
00:01:08]} Qc4 {[%clk 00:18:33]} {[%emt 00:03:47]} 45. Qf2 {[%clk 00:24:57]}
{[%emt 00:00:33]} Bc6 {[%clk 00:17:52]} {[%emt 00:01:12]} 46. Nd6 {[%clk
00:15:57]} {[%emt 00:09:31]} Qd3 {[%clk 00:16:09]} {[%emt 00:02:12]} 47. Bb6
{[%clk 00:10:32]} {[%emt 00:05:55]} Bd2 {[%clk 00:13:26]} {[%emt 00:03:14]} 48.
Bd8 {[%clk 00:06:57]} {[%emt 00:04:04]} Be1 {[%clk 00:09:55]} {[%emt 00:04:01]}
49. Bf6+ {[%clk 00:07:20]} {[%emt 00:00:07]} Kg8 {[%clk 00:08:33]} {[%emt
00:01:53]} 50. Qf1 {[%clk 00:04:11]} {[%emt 00:03:38]} Qd2+ {[%clk 00:08:16]}
{[%emt 00:00:47]} 0-1

[Event "DEM U18 2023"]
[Site "Willingen GER"]
[Date "2023.05.28"]
[Round "2"]
[White "Bilovil, Bogdan"]
[Black "Spriestersbach, Kai"]
[Result "1-0"]
[Termination "normal"]
[Board "2"]
[WhiteTitle "FM"]
[WhiteElo "2348"]
[BlackElo "2230"]
[WhiteClock "01:03:16"]
[BlackClock "00:30:11"]
[PlyCount "85"]
[WhiteFideId "14168766"]
[BlackFideId "16269985"]
[EventCountry "GER"]
[EventRounds "9"]
[EventType "swiss"]
[EventDate "2023.05.27"]

1. Nf3 {[%clk 01:30:53]} {[%emt 00:00:06]} Nf6 {[%clk 01:30:54]} {[%emt
00:00:05]} 2. c4 {[%clk 01:31:17]} {[%emt 00:00:07]} g6 {[%clk 01:31:01]}
{[%emt 00:00:24]} 3. b3 {[%clk 01:31:36]} {[%emt 00:00:10]} Bg7 {[%clk
01:28:55]} {[%emt 00:02:36]} 4. Bb2 {[%clk 01:31:56]} {[%emt 00:00:10]} O-O
{[%clk 01:25:38]} {[%emt 00:03:47]} 5. g3 {[%clk 01:31:29]} {[%emt 00:00:57]}
d6 {[%clk 01:22:44]} {[%emt 00:03:24]} 6. d4 {[%clk 01:31:39]} {[%emt
00:00:20]} e5 {[%clk 01:19:56]} {[%emt 00:03:19]} 7. dxe5 {[%clk 01:31:17]}
{[%emt 00:00:52]} dxe5 {[%clk 01:10:50]} {[%emt 00:09:36]} 8. Qxd8 {[%clk
01:31:03]} {[%emt 00:00:43]} Rxd8 {[%clk 01:11:15]} {[%emt 00:00:05]} 9. Nxe5
{[%clk 01:31:26]} {[%emt 00:00:07]} Na6 {[%clk 01:09:09]} {[%emt 00:02:36]} 10.
Nd3 {[%clk 01:31:40]} {[%emt 00:00:16]} Bf5 {[%clk 01:06:22]} {[%emt 00:03:17]}
11. Nc3 {[%clk 01:31:55]} {[%emt 00:00:15]} Bxd3 {[%clk 00:57:28]} {[%emt
00:09:24]} 12. exd3 {[%clk 01:32:21]} {[%emt 00:00:05]} Nb4 {[%clk 00:57:52]}
{[%emt 00:00:06]} 13. O-O-O {[%clk 01:32:11]} {[%emt 00:00:40]} Ng4 {[%clk
00:56:25]} {[%emt 00:01:57]} 14. Rd2 {[%clk 01:32:34]} {[%emt 00:00:07]} Ne5
{[%clk 00:51:42]} {[%emt 00:05:12]} 15. Kb1 {[%clk 01:21:53]} {[%emt 00:11:11]}
Nexd3 {[%clk 00:43:34]} {[%emt 00:08:38]} 16. Bxd3 {[%clk 01:20:17]} {[%emt
00:02:06]} Rxd3 {[%clk 00:43:19]} {[%emt 00:00:46]} 17. Rxd3 {[%clk 01:20:05]}
{[%emt 00:00:42]} Nxd3 {[%clk 00:43:42]} {[%emt 00:00:06]} 18. Rd1 {[%clk
01:20:07]} {[%emt 00:00:28]} Nxb2 {[%clk 00:34:24]} {[%emt 00:09:48]} 19. Kxb2
{[%clk 01:20:10]} {[%emt 00:00:28]} Kf8 {[%clk 00:28:52]} {[%emt 00:06:02]} 20.
Kc2 {[%clk 01:17:21]} {[%emt 00:03:18]} Bxc3 {[%clk 00:26:53]} {[%emt
00:02:29]} 21. Kxc3 {[%clk 01:17:49]} {[%emt 00:00:02]} Ke7 {[%clk 00:27:10]}
{[%emt 00:00:13]} 22. b4 {[%clk 01:10:24]} {[%emt 00:07:55]} g5 {[%clk
00:22:56]} {[%emt 00:04:44]} 23. Rd5 {[%clk 01:05:51]} {[%emt 00:05:02]} Rg8
{[%clk 00:21:53]} {[%emt 00:01:34]} 24. a4 {[%clk 01:03:40]} {[%emt 00:02:41]}
Rg6 {[%clk 00:20:57]} {[%emt 00:01:26]} 25. Re5+ {[%clk 00:57:28]} {[%emt
00:06:42]} Kd7 {[%clk 00:20:03]} {[%emt 00:01:24]} 26. Rb5 {[%clk 00:51:36]}
{[%emt 00:06:22]} b6 {[%clk 00:19:40]} {[%emt 00:00:54]} 27. Rd5+ {[%clk
00:51:37]} {[%emt 00:00:28]} Ke7 {[%clk 00:19:30]} {[%emt 00:00:40]} 28. Re5+
{[%clk 00:48:29]} {[%emt 00:03:38]} Kd7 {[%clk 00:19:42]} {[%emt 00:00:17]} 29.
c5 {[%clk 00:46:06]} {[%emt 00:02:54]} bxc5 {[%clk 00:11:00]} {[%emt 00:09:12]}
30. Rxc5 {[%clk 00:46:08]} {[%emt 00:00:27]} h6 {[%clk 00:08:05]} {[%emt
00:03:25]} 31. Rf5 {[%clk 00:43:18]} {[%emt 00:03:20]} Rc6+ {[%clk 00:07:10]}
{[%emt 00:01:26]} 32. Kd4 {[%clk 00:43:24]} {[%emt 00:00:23]} f6 {[%clk
00:04:37]} {[%emt 00:03:04]} 33. g4 {[%clk 00:43:15]} {[%emt 00:00:39]} Ra6
{[%clk 00:02:39]} {[%emt 00:02:29]} 34. a5 {[%clk 00:41:37]} {[%emt 00:02:08]}
Re6 {[%clk 00:01:31]} {[%emt 00:01:37]} 35. h4 {[%clk 00:35:43]} {[%emt
00:06:24]} a6 {[%clk 00:01:46]} {[%emt 00:00:15]} 36. h5 {[%clk 00:33:22]}
{[%emt 00:02:51]} Kc6 {[%clk 00:01:48]} {[%emt 00:00:28]} 37. Rc5+ {[%clk
00:32:43]} {[%emt 00:01:09]} Kb7 {[%clk 00:01:33]} {[%emt 00:00:45]} 38. Rc3
{[%clk 00:33:00]} {[%emt 00:00:12]} Re2 {[%clk 00:00:46]} {[%emt 00:01:18]} 39.
Rf3 {[%clk 00:32:59]} {[%emt 00:00:31]} Rb2 {[%clk 00:00:33]} {[%emt 00:00:43]}
40. Kc3 {[%clk 00:33:15]} {[%emt 00:00:14]} Re2 {[%clk 00:00:53]} {[%emt
00:00:10]} 41. Rxf6 {[%clk 00:33:38]} {[%emt 00:00:07]} Re4 {[%clk 00:30:10]}
{[%emt 00:01:13]} 42. f3 {[%clk 01:03:11]} {[%emt 00:00:58]} Re8 {[%clk
00:30:11]} {[%emt 00:00:28]} 43. Kd4 {[%clk 01:03:16]} {[%emt 00:00:24]} 1-0

[Event "DEM U18 2023"]
[Site "Willingen GER"]
[Date "2023.05.28"]
[Round "2"]
[White "Musiolik, David"]
[Black "Bornholdt, Joa Max"]
[Result "1/2-1/2"]
[Termination "normal"]
[Board "3"]
[BlackTitle "FM"]
[WhiteElo "2291"]
[BlackElo "2250"]
[WhiteClock "00:02:07"]
[BlackClock "00:01:56"]
[PlyCount "120"]
[WhiteFideId "12972355"]
[BlackFideId "16253477"]
[EventCountry "GER"]
[EventRounds "9"]
[EventType "swiss"]
[EventDate "2023.05.27"]

1. Nf3 {[%clk 01:30:52]} {[%emt 00:00:07]} d5 {[%clk 01:30:45]} {[%emt
00:00:15]} 2. e3 {[%clk 01:31:09]} {[%emt 00:00:13]} c5 {[%clk 01:30:21]}
{[%emt 00:00:53]} 3. c4 {[%clk 01:30:54]} {[%emt 00:00:46]} e6 {[%clk
01:27:47]} {[%emt 00:03:04]} 4. cxd5 {[%clk 01:30:34]} {[%emt 00:00:51]} exd5
{[%clk 01:28:10]} {[%emt 00:00:05]} 5. d4 {[%clk 01:30:53]} {[%emt 00:00:12]}
Nf6 {[%clk 01:28:34]} {[%emt 00:00:06]} 6. Be2 {[%clk 01:27:54]} {[%emt
00:03:29]} Nc6 {[%clk 01:28:57]} {[%emt 00:00:08]} 7. O-O {[%clk 01:27:06]}
{[%emt 00:01:17]} Bd6 {[%clk 01:26:18]} {[%emt 00:03:08]} 8. Nc3 {[%clk
01:19:18]} {[%emt 00:08:19]} cxd4 {[%clk 01:23:21]} {[%emt 00:03:27]} 9. Nxd4
{[%clk 01:18:22]} {[%emt 00:01:26]} O-O {[%clk 01:23:42]} {[%emt 00:00:08]} 10.
Nf3 {[%clk 01:14:57]} {[%emt 00:03:55]} a6 {[%clk 01:19:47]} {[%emt 00:04:26]}
11. b3 {[%clk 01:13:58]} {[%emt 00:01:29]} Re8 {[%clk 01:20:05]} {[%emt
00:00:12]} 12. Bb2 {[%clk 01:12:31]} {[%emt 00:01:57]} Bc7 {[%clk 01:20:21]}
{[%emt 00:00:14]} 13. Qd3 {[%clk 00:58:38]} {[%emt 00:14:23]} Qd6 {[%clk
00:56:40]} {[%emt 00:24:11]} 14. Rfd1 {[%clk 00:57:05]} {[%emt 00:02:03]} d4
{[%clk 00:56:42]} {[%emt 00:00:28]} 15. exd4 {[%clk 00:50:06]} {[%emt
00:07:29]} Bg4 {[%clk 00:55:39]} {[%emt 00:01:33]} 16. g3 {[%clk 00:49:30]}
{[%emt 00:01:06]} Nb4 {[%emt 00:10:22]} 17. Ba3 {[%emt 00:09:46]} Nxd3 {[%emt
00:01:04]} 18. Bxd6 {[%clk 00:42:15]} {[%emt 00:00:07]} Bxd6 {[%emt 00:00:35]}
19. Rxd3 {[%clk 00:42:08]} {[%emt 00:00:07]} Bb4 {[%emt 00:16:19]} 20. Bf1
{[%emt 00:02:12]} Bf5 {[%clk 00:38:43]} {[%emt 00:00:09]} 21. Na4 {[%emt
00:01:22]} Bxd3 {[%clk 00:37:48]} {[%emt 00:00:43]} 22. Bxd3 {[%clk 00:28:27]}
{[%emt 00:01:55]} Rac8 {[%clk 00:28:45]} 23. a3 {[%emt 00:13:03]} Bd6 24. b4
{[%clk 00:26:40]} a5 {[%clk 00:24:27]} {[%emt 00:04:47]} 25. Rb1 {[%clk
00:14:37]} {[%emt 00:12:34]} axb4 {[%clk 00:23:51]} {[%emt 00:01:06]} 26. axb4
{[%clk 00:15:05]} {[%emt 00:00:03]} Nd5 {[%clk 00:21:15]} {[%emt 00:03:05]} 27.
b5 {[%clk 00:12:00]} {[%emt 00:03:35]} Nc3 {[%clk 00:18:24]} {[%emt 00:03:22]}
28. Nxc3 {[%clk 00:12:24]} {[%emt 00:00:05]} Rxc3 {[%clk 00:18:50]} {[%emt
00:00:03]} 29. Rd1 {[%clk 00:12:46]} {[%emt 00:00:08]} g6 {[%clk 00:15:19]}
{[%emt 00:04:01]} 30. Kg2 {[%clk 00:09:00]} {[%emt 00:04:17]} Kg7 {[%clk
00:14:11]} {[%emt 00:01:37]} 31. Rd2 {[%clk 00:06:25]} {[%emt 00:03:05]} Bb4
{[%clk 00:11:29]} {[%emt 00:03:12]} 32. Rd1 {[%clk 00:06:49]} {[%emt 00:00:06]}
f6 {[%clk 00:09:45]} {[%emt 00:02:15]} 33. Bf1 {[%clk 00:04:36]} {[%emt
00:02:42]} Rc2 {[%clk 00:07:55]} {[%emt 00:02:21]} 34. Bd3 {[%clk 00:04:55]}
{[%emt 00:00:11]} Rb2 {[%clk 00:07:35]} {[%emt 00:00:50]} 35. Bc4 {[%clk
00:04:37]} {[%emt 00:00:47]} Rc8 {[%clk 00:06:56]} {[%emt 00:01:10]} 36. Bd3
{[%clk 00:04:40]} {[%emt 00:00:27]} Rc3 {[%clk 00:06:04]} {[%emt 00:01:21]} 37.
Be4 {[%clk 00:02:15]} {[%emt 00:02:55]} b6 {[%clk 00:05:41]} {[%emt 00:00:54]}
38. Ne1 {[%clk 00:01:10]} {[%emt 00:01:35]} Bd6 {[%clk 00:01:54]} {[%emt
00:04:17]} 39. Bc6 {[%clk 00:00:33]} {[%emt 00:01:08]} h5 {[%clk 00:02:16]}
{[%emt 00:00:07]} 40. Nd3 {[%clk 00:00:38]} {[%emt 00:00:24]} Ra2 {[%clk
00:01:57]} {[%emt 00:00:48]} 41. Bd5 {[%clk 00:24:54]} {[%emt 00:06:15]} Ra4
{[%clk 00:28:14]} {[%emt 00:04:13]} 42. Ne1 {[%clk 00:24:11]} {[%emt 00:01:13]}
Rb4 {[%clk 00:26:49]} {[%emt 00:01:56]} 43. Bc6 {[%clk 00:24:17]} {[%emt
00:00:23]} Rcc4 {[%clk 00:26:59]} {[%emt 00:00:20]} 44. Nf3 {[%clk 00:23:26]}
{[%emt 00:01:21]} Rb2 {[%clk 00:25:50]} {[%emt 00:01:40]} 45. Ne1 {[%clk
00:22:43]} {[%emt 00:01:13]} Bb4 {[%clk 00:22:05]} {[%emt 00:04:15]} 46. Bd5
{[%clk 00:20:51]} {[%emt 00:02:21]} Rc7 {[%clk 00:22:04]} {[%emt 00:00:31]} 47.
Bc6 {[%clk 00:20:34]} {[%emt 00:00:47]} Bxe1 {[%clk 00:18:15]} {[%emt
00:04:20]} 48. Rxe1 {[%clk 00:21:02]} {[%emt 00:00:02]} Rd2 {[%clk 00:18:38]}
{[%emt 00:00:07]} 49. d5 {[%clk 00:15:57]} {[%emt 00:05:35]} Kf7 {[%clk
00:17:37]} {[%emt 00:01:30]} 50. Re3 {[%clk 00:14:40]} {[%emt 00:01:47]} Ra7
{[%clk 00:15:24]} {[%emt 00:02:44]} 51. h3 {[%clk 00:11:06]} {[%emt 00:04:04]}
Raa2 {[%clk 00:09:22]} {[%emt 00:06:31]} 52. Rf3 {[%clk 00:11:30]} {[%emt
00:00:07]} Rac2 {[%clk 00:09:32]} {[%emt 00:00:20]} 53. Bb7 {[%clk 00:09:52]}
{[%emt 00:02:07]} Rc5 {[%clk 00:08:40]} {[%emt 00:01:22]} 54. Rb3 {[%clk
00:09:34]} {[%emt 00:00:48]} Rcxd5 {[%clk 00:07:02]} {[%emt 00:02:09]} 55.
Bxd5+ Rxd5 {[%clk 00:07:31]} 56. Kf3 {[%clk 00:09:09]} {[%emt 00:00:36]} Re5
{[%clk 00:07:56]} {[%emt 00:00:05]} 57. g4 {[%clk 00:06:54]} {[%emt 00:02:45]}
h4 {[%clk 00:07:46]} {[%emt 00:00:39]} 58. Kg2 {[%clk 00:05:54]} {[%emt
00:01:30]} g5 {[%clk 00:03:37]} {[%emt 00:04:40]} 59. f4 {[%clk 00:02:00]}
{[%emt 00:04:24]} Rd5 {[%clk 00:02:55]} {[%emt 00:01:11]} 60. Kf3 {[%clk
00:02:07]} {[%emt 00:00:23]} Ke6 {[%clk 00:01:56]} {[%emt 00:01:30]} 1/2-1/2